Το κοινωνικό κράτος : η θεωρία & η εξέλιξή του : εργασία

Αποθηκεύτηκε σε:
Λεπτομέρειες βιβλιογραφικής εγγραφής
Κύριος συγγραφέας: Βασιλάκης, Εμμανουήλ
Συγγραφή απο Οργανισμό/Αρχή: Πανεπιστήμιο Αιγαίου. Σχολή Επιστημών της Διοίκησης. Τμήμα Διοίκησης Επιχειρήσεων
Άλλοι συγγραφείς: Χαραλαμπάκης, Δημήτριος
Μορφή: Thesis Βιβλίο
Γλώσσα:Greek
Δημοσίευση: 2001
Θέματα:
Ετικέτες: Προσθήκη ετικέτας
Δεν υπάρχουν, Καταχωρήστε ετικέτα πρώτοι!

MARC

LEADER 00000cam a2200000 i 4500
001 1/50548
008 040309s2001 gre d
035 |l 10072601 
040 |a GR-MY-UA  |b gre  |e aacr 
041 0 |a gre 
082 0 |a 361.65  |2 (22) 
100 1 |a Βασιλάκης, Εμμανουήλ. 
245 1 3 |a Το κοινωνικό κράτος :  |b η θεωρία & η εξέλιξή του : εργασία /  |c Βασιλάκης Εμμανουήλ, Χαραλαμπάκης Δημήτριος ; διδάσκων: Στ. Μπαμπανάσης 
260 |c 2001 
300 |a 2τ. ;  |b πίν.;  |c 30 εκ. 
500 |a Μάθημα: Πολιτική Οικονομία 
502 |a Εργασία - Πανεπιστήμιο Αιγαίου, Τμήμα Διοίκησης Επιχειρήσεων, 2001 
504 |a Περιλαμβάνει βιβλιογραφία 
610 2 0 |a Πανεπιστήμιο Αιγαίου. 
650 0 0 |a Welfare state. 
650 0 0 |a Welfare economics. 
700 1 |a Χαραλαμπάκης, Δημήτριος. 
700 1 |a Μπαμπανάσης, Στέργιος,   |d 1935-  |e dgs 
710 2 |a Πανεπιστήμιο Αιγαίου.   |b Σχολή Επιστημών της Διοίκησης.   |b Τμήμα Διοίκησης Επιχειρήσεων. 
852 |a INST  |b CHIOS  |c PERG  |e 20040309  |h 361.65 ΒΑΣ  |p 005200013667  |q 005200013667  |t PERG  |y 23  |z τ.2 
852 |a INST  |b CHIOS  |c PERG  |e 20040326  |h 361.65 ΒΑΣ  |p 005200013672  |q 005200013672  |t PERG  |y 23  |z τ.1 
852 |a INST  |b CHIOS  |c PERG  |e 20040309  |h 361.65 ΒΑΣ  |p 005200013667  |q 005200013667  |t PERG  |v τ.2:  |y 23  |z τ.2 
852 |a INST  |b CHIOS  |c PERG  |e 20040326  |h 361.65 ΒΑΣ  |p 005200013672  |q 005200013672  |t PERG  |v τ.1:  |y 23  |z τ.1 
853 |a INST  |b CHIOS  |c PERG  |h 361.65 ΒΑΣ 
901 |a BIBL2-2004-1 
909 |a Χ  |b 100288 
909 |a Χ  |b 100311 
924 |a ΒΑΣΙΛΑΚΗΣ  |b ΕΜΜΑΝΟΥΗΛ  |y ΧΙΟΣ  |z 2002-11 
924 |a Χαραλαμπάκης  |b Δημήτριος  |y Χίος  |z 2002-11 
970 |a ΠΟΥΛΑΚΗ  |b ΠΑΝΩΡΑΙΑ  |z 2004/03/09